000 00774nam a22002417a 4500
001 29378
003 UA-OsUOA
005 20210729155128.0
007 ta
008 20041008b un ||||| |||| 00| 0 ukr d
020 _a5325004301
040 _aUA-OsUOA
_bukr
_cUA-OsUOA
_dUA-OsUOA
041 _aukr
044 _aUA
080 _a82(091)(477)(075.8)
090 _a82(091)(477)(075.8)
_bІ-907
245 _aІсторія української літератури ХХ століття
_bнавчальний посібник: у двох книгах
_cред. В. Г. Дончик
_nКн. 1
_p(1910 – 1930-ті роки)
260 _aКиїв
_bЛибідь
_c1993
300 _a784 с.
650 7 _2UDC
_a82 Література
942 _cBK
_2udc
955 _a2
999 _c315765
_d315765